01445pam a2200349 a 45000010008000000030004000080050017000120080041000290100017000700200018000870200022001050400018001270500021001450820018001661000035001842450077002192500012002962600039003083000037003475000055003845000020004395050026004596500027004857000062005128560104005748560089006788560090007679060045008579420042009029520134009449990017010783296552OSt20231214150430.0830812m19849999nyua 001 0 eng  a 83017666  a9781441932013 a0306413329 (v. 1) aDLCcDLCdDLC00aQC718b.C39 198400a530.44bCHE/I1 aChen, Francis F.,d1929-9449210aIntroduction to plasma physics and controlled fusion /cFrancis F. Chen. a2nd ed. aNew York :b:Plenum Press,cc1984- av. <1 > : 421pbill. ;c25 cm. aRev. ed. of: Introduction to plasma physics. 1974. aIncludes index.1 av. 1. Plasma physics. 0aPlasma (Ionized gases)1 aChen, Francis F.,d1929-tIntroduction to plasma physics.423Contributor biographical informationuhttp://www.loc.gov/catdir/enhancements/fy0820/83017666-b.html423Publisher descriptionuhttp://www.loc.gov/catdir/enhancements/fy0820/83017666-d.html413Table of contents onlyuhttp://www.loc.gov/catdir/enhancements/fy0820/83017666-t.html a7bcbccorignewd1eocipf19gy-gencatlg 2ddccBKh530.44iCHE/Ik530.44mCHE/I 00102ddc40708PHYSICSaMESbMEScPHYd2023-12-14l0o530.44 CHE/Ip44127r2023-12-14 15:04:01v5585.07w2023-12-14yBKzGL12R2 c44203d44203